01230cam a22002293a 45000010005000000030006000050050017000110080041000280400015000690420007000840500007000910500007000981000030001052450107001352600029002425050599002715060030008705160020009006530011009208300028009318560041009595637PGUSA20140828083122.0040501s2004||||xxu|||||s|||||000 p eng d aPGUSAbeng adc 4aPN 4aAC1 aRenan, Ernest,d1823-189210aLiterary and Philosophical Essays :bFrench, German and Italianh[electronic resource] /cErnest Renan bProject Gutenberg,c20040 aThat we should not judge of our happiness until after our death. That to philosophise is to learne how to die. Of the institution and education of children. Of friendship. Of bookes. By Montaigne -- Montaigne. What is a classic? By C. A. Sainte-Beuve -- The poetry of the Celtic races, by E. Renan -- The education of the human race, by G. E. Lessing -- Letters upon the aesthetic education of man, by J. C. F. von Schiller -- Fundamental principles of the metaphysic of morals. Transition from popular moral philosophy to the metaphysic of morals. By I. Kant -- Byron and Goethe, By B. Mazzini aPublic domain in the USA. aElectronic text aEssays 0aProject Gutenbergv563740uhttp://www.gutenberg.org/ebooks/5637